| 000 | 00729nam a2200217Ia 4500 | ||
|---|---|---|---|
| 003 | IT-RoPAU | ||
| 008 | 120407s9999 xx 000 0 und d | ||
| 040 | _aIT-RoPAU | ||
| 040 | _cIT-RoPAU | ||
| 041 | _aita | ||
| 100 | _aBenhard Haring | ||
| 245 | _aLa legge di Cristo. Trattato di Teologia Morale. | ||
| 250 | _aBrescia | ||
| 260 | _aMorcelliana | ||
| 260 | _c1962 | ||
| 300 | _c23,5 cm | ||
| 490 | _v3 | ||
| 600 | _a"1° v. Morale generale. Struttura fondamentale dell’esistenza cristiana. 3a ed. 622 pag. 2° v. Morale speciale, vita in comunione con dio e col prossimo. 2a ed. 566 pag. 3° v. Morale speciale. L’assenso alla sovranità d’amore di Dio. 2a ed. 750 pag." | ||
| 942 | _cBK | ||
| 999 |
_c13807 _d13807 |
||